000 00996nam a2200313 i 4500
999 _c65249
_d65249
001 768714001
003 CO-MdFUSB
005 20191021165314.0
008 190924b2001 ck ca||| |||| 00| 0 spa d
020 _a9586391868
040 _aCO-MdFUSB
_bspa
_cCO-MdFUSB
_dCO-MdFUSBC
_erda
041 _aspa
_hfre
082 _223
_a920.0986
_bB562
100 _aBetancourt, Ingrid.
_eautor
240 _aRage au cœur.
245 3 _aLa rabia en el corazón
_c/ Ingrid Betancourt. ; traducido por Astrid Betancourt Pulecio
264 1 _aBogotá, Colombia :
_bGrijalbo,
_c[2001]
264 4 _c© 2001
300 _a326 páginas
_b: Imágenes a blanco y negro
_c; 18 cm
336 _2rdacontent
_atexto
_btxt
337 _2rdamedia
_asin mediación
_bn
338 _2rdacarrier
_avolumen
_bnc
563 _aRústico
600 0 _aBetancourt, Ingrid.
_vBiografías
650 7 _9409
_aBiografía
700 _92532
_aBetancourt Pulecio, Astrid.
_etraductor
942 _cBK
945 _aJTF-925